000 01142nam0a22002891 4500
001 RU\INFOCOMM_322\NLR\5000109061
005 20250613104229.0
035 _a(NLR Aleph) 009489618
090 _a8640121
_c8640121
100 _a20121214d1967 |||y0rusy50 ca
101 0 _afre
102 _aRU
105 _ay z |||||
200 1 _aAire actuel de l'agent pesteux (région de l'étendue des foyers naturels de la peste)
_fV. V. Kuchéruk
_gMin. de la santé publique en URSS. Inst. central de perfectionnement des médecins de l'URSS. Séminaire interrégional de l'Organisation mondiale de la santé pour la lutte contre la peste
210 _aM.
_d1967
215 _a[2], 17 с.
_d20 см
309 _aОтпеч. множит. аппаратом
620 _aМосква
686 _aМе3-1252
_2rubbk
700 1 _9z01790
_aKučeruk
_bV. V.
_f1916-
_gValent Viktorinovič
712 0 2 _aSéminaire interrégional sur la lutte contre la peste
_eMoscou
_f1967
_4570
790 1 _9z01700
_aKuchéruk
_bV. V.
_4070
801 1 _aRU
_bNLR
_c20121214
801 0 _aRU
_bINFOCOMM
_gPSBO
852 _aNLR
_jМд97 Д-4/36
942 _cBOOK
980 _aNB